/ بو طیقا (Record no. 106019)

MARC details
000 -LEADER
fixed length control field 00990nam a22002777a 4500
003 - CONTROL NUMBER IDENTIFIER
control field dpl
005 - DATE AND TIME OF LATEST TRANSACTION
control field 20170123162301.0
008 - FIXED-LENGTH DATA ELEMENTS--GENERAL INFORMATION
fixed length control field 161215b xxu||||| |||| 00| 0 eng d
010 ## - LIBRARY OF CONGRESS CONTROL NUMBER
LC control number B-50702
020 ## - INTERNATIONAL STANDARD BOOK NUMBER
Terms of availability 80.00
International Standard Book Number 8187667125
035 ## - SYSTEM CONTROL NUMBER
System control number B-50702
037 ## - SOURCE OF ACQUISITION
Source of stock number/acquisition Cen Lib/Ret
040 ## - CATALOGING SOURCE
Original cataloging agency DPL
Language of cataloging UR
Transcribing agency TIT
082 ## - DEWEY DECIMAL CLASSIFICATION NUMBER
Classification number 841.08
100 ## - MAIN ENTRY--PERSONAL NAME
Personal name ارسطوتلے
9 (RLIN) 539
245 ## - TITLE STATEMENT
Title / بو طیقا
Statement of responsibility, etc ارسطوتلے؛ ترجمہ جمیل جلیبی
246 ## - VARYING FORM OF TITLE
Title proper/short title Botika
Remainder of title by Aristotle
260 ## - PUBLICATION, DISTRIBUTION, ETC. (IMPRINT)
Place of publication, distribution, etc دہلی
Name of publisher, distributor, etc ایجوکیشنل پبلشنگ ہاؤس
Date of publication, distribution, etc 2001
270 ## - ADDRESS
Address ٣١٠٨، گلی وکیل، کچا پنڈت لال کوان
City دہلی
Postal code 110006
300 ## - PHYSICAL DESCRIPTION
Extent 80p.
Dimensions 22cm(Hb)
650 ## - SUBJECT ADDED ENTRY--TOPICAL TERM
Topical term or geographic name as entry element اردو ادب
Form subdivision
9 (RLIN) 140703
650 ## - SUBJECT ADDED ENTRY--TOPICAL TERM
Topical term or geographic name as entry element ادبیات
9 (RLIN) 140704
650 ## - SUBJECT ADDED ENTRY--TOPICAL TERM
Topical term or geographic name as entry element Urdu literature
9 (RLIN) 140705
650 ## - SUBJECT ADDED ENTRY--TOPICAL TERM
Topical term or geographic name as entry element Adbeeyat
9 (RLIN) 543
942 ## - ADDED ENTRY ELEMENTS (KOHA)
Source of classification or shelving scheme Dewey Decimal Classification
Koha item type Urdu Bks
Classification part 841.08
Call number suffix ا ر س
Holdings
Withdrawn status Lost status Damaged status Not for loan Collection code Home library Current library Date acquired Source of acquisition Cost, normal purchase price Total Checkouts Full call number Barcode Date last seen Copy number Cost, replacement price Price effective from Koha item type
      Not For Loan Reference Central Library Central Library 26/05/2015 Cen Lib/Ret 80.00   841.08 ا ر س B-50702 26/05/2015 1 80.00 26/05/2015 Urdu Bks

© Delhi Public Library
Hit Counter
free hit counter